000 00469nam a2200181 4500
001 VA25909
003 ES-SlBCS
005 20210601153549.0
008 140520s1963 xxu||||| |||| 00| 0 spa d
041 _aspa
100 1 _aViñayo, Cándido de
_9327347
245 1 0 _aAutorretrato de Cristo
_cCándido de Viñayo
260 _aMadrid :
_bStudium
_c, 1963
300 _a172 p.;
_c19 cm
490 0 _aBíblicas
_v19
600 _aJesús de Nazaret
_9129294
942 _cBK
999 _c792887
_d792887